MARC

LEADER 00000cam a2200000 7i4500
001 0000023610
005 20111110.0
008 111013 my a may
040 |a INS 
090 0 0 |a SN20 
110 1 |a Kursus penjagaan kesihatan ( Siri 1 ) ,   |d 17 - 19 Januari 2011   |c INSPEN, Bangi 
245 0 0 |a Kursus penjagaan kesihatan ( Siri 1 ) :   |b 17 - 19 Januari 2011   |c Anjuran Pusat Pengurusan dan Teknologi Maklumat, Bangi 
260 |a Bangi :   |b Institut Penilaian Negara ,   |c 2011 
300 |a 1 v. (mukasurat pelbagai) :   |b ill. ;   |c 30 cm. 
650 0 |a Physical education and training 
650 0 |a Physical training 
710 1 |a INSPEN (Institut Penilaian Negara) 
856 |u http://app.inspen.gov.my:7779/pls/portal/docs/PAGE/CORPORATEPAGES/PORTAL_INSPEN/NOTA_KURSUS/SN/INSPEN%20001_K.PENJAGAAN%20KESIHATAN%20FINAL.PDF 
999 |a SN00000044   |b BOOK   |c Course Notes   |e Default branch 
999 |a SN00000045   |b BOOK   |c Course Notes   |e Default branch 
999 |a SN00000046   |b BOOK   |c Course Notes   |e Default branch